000 00768nam a2200205Ia 4500
003 GCL
005 20240530102501.0
008 140319s9999 xx 000 0 ara d
040 _aGCL /
_cGCL
082 0 4 _a922.1
_bس ت
100 1 _aمحمد ابوالفضل ابراهيم
245 1 0 _aتاريخ الخلفاء /
_cمحمد ابوالفضل ابراهيم
250 _aالاولى
260 _aالقاهرة :
_bدار نهضة مصر للطبع والنشر ،
_c1975
300 _a870 ص ؛
_c24 سم
650 0 4 _aالتاريخ الاسلامى
650 0 4 _aالخلفاء الراشدون
700 1 _aالسيوطى : جلال الدين ابوالفضل عبدالرحمن بن ابى بكر بن محمد الخضيرى
942 _2ddc
_cBK
999 _c32581
_d32581